Графофоны. Пластинки (Запись № 11871684)

Подробности
000 -МАРКЕР
контрольное поле 01330nam0a2200301 4500
001 - ИДЕНТИФИКАТОР ЗАПИСИ
контрольное поле RU\NLR\BIBL_A\012094467
005 - ИДЕНТИФИКАТОР ВЕРСИИ
контрольное поле 20250623205503.0
035 ## - ДРУГИЕ СИСТЕМНЫЕ НОМЕРА
Идентификатор записи (NLR Aleph) 012094467
100 ## - ДАННЫЕ ОБЩЕЙ ОБРАБОТКИ
Данные общей обработки 20190916d1903 |||y0rusy50 ca
101 0# - ЯЗЫК РЕСУРСА
Язык текста, звукозаписи и т.д. русский
102 ## - СТРАНА ПУБЛИКАЦИИ ИЛИ ПРОИЗВОДСТВА
Страна публикации Российская Федерация
105 ## - ПОЛЕ КОДИРОВАННЫХ ДАННЫХ: ТЕКСТОВЫЕ МАТЕРИАЛЫ, МОНОГРАФИЧЕСКИЕ
Кодированные данные о монографическом текстовом документе ach z 000zy
200 1# - ЗАГЛАВИЕ И СВЕДЕНИЯ ОБ ОТВЕТСТВЕННОСТИ
Основное заглавие Графофоны. Пластинки
Сведения, относящиеся к заглавию [каталог
Первые сведения об ответственности Колумбия фонограф компания]
210 ## - ПУБЛИКАЦИЯ, РАСПРОСТРАНЕНИЕ И ДР.
Место издания, распространения и т.д. [Санкт-Петербург]
Имя издателя, распространителя и т. д. Типо-литография В. Кене и Ко
Дата издания, распространения и т.д. ценз. 1903
215 ## - ФИЗИЧЕСКАЯ ХАРАКТЕРИСТИКА
Специфическое обозначение материала и объем 23, [1] с.
Другие сведения о физической характеристике ил., портр., факс.
Размеры 17х25
606 1# - НАИМЕНОВАНИЕ ТЕМЫ КАК ПРЕДМЕТ
Наименование темы Музыка
Формальный подзаголовок Каталоги
Тематический подзаголовок Граммофонные записи
Системный номер авторитетной/нормативной записи 898715
Идентификатор авторитетной/нормативной записи RU\NLR\AUTH\66326406
606 1# - НАИМЕНОВАНИЕ ТЕМЫ КАК ПРЕДМЕТ
Наименование темы Граммофонные пластинки
Формальный подзаголовок Каталоги
Тематический подзаголовок Торговля
Географический подзаголовок Россия
Системный номер авторитетной/нормативной записи 2423790
Идентификатор авторитетной/нормативной записи RU\NLR\AUTH\6601661737
686 3# - ИНДЕКСЫ ДРУГИХ КЛАССИФИКАЦИЙ
Индекс Щ310.673я26
686 0# - ИНДЕКСЫ ДРУГИХ КЛАССИФИКАЦИЙ
Индекс У42(28)152.33я87
711 02 - НАИМЕНОВАНИЕ ОРГАНИЗАЦИИ - АЛЬТЕРНАТИВНАЯ ОТВЕТСТВЕННОСТЬ
Начальный элемент ввода "Колумбия", американская граммофонная компания
Структурное подразделение Отделение
Идентифицирующий признак Санкт-Петербург
Системный номер авторитетной/нормативной записи 677682
Идентификатор авторитетной/нормативной записи RU\NLR\AUTH\880508738
852 ## - МЕСТОНАХОЖДЕНИЕ И ШИФР ХРАНЕНИЯ
Идентификатор организации NLR
Шифр хранения (Call Number) 34.48.3.781
942 ## - ДОПОЛНИТЕЛЬНЫЕ ЭЛЕМЕНТЫ ЗАПИСИ (АБИС)
Тип экземпляра АБИС Книга
980 ## - КОЛЛЕКЦИЯ
Название коллекции Национальная библиография

Нет доступных экземпляров.